[Event "Arco op 42nd"]
[Site "Arco"]
[Date "2020.10.14"]
[Round "5.27"]
[White "Calcari, Manuel"]
[Black "Carola, Paolo"]
[Result "0-1"]
[WhiteElo "1721"]
[BlackElo "1782"]
[PlyCount "94"]
[EventDate "2020.10.10"]
[EventType "swiss"]
[EventRounds "9"]
[EventCountry "ITA"]
[SourceTitle "CBM 198 Extra"]
[Source "ChessBase"]
[SourceDate "2020.11.30"]
[SourceVersion "1"]
[SourceVersionDate "2020.11.30"]
[SourceQuality "1"]

1. e4 e5 2. Nf3 Nc6 3. Bc4 Nf6 4. Ng5 d5 5. exd5 Na5 6. Bb5+ c6 7. dxc6 bxc6 8. Be2 h6 9. Nf3 e4 10. Ne5 Bd6 11. Nc4 Nxc4 12. Bxc4 Qc7 13. h3 0-0 14. d4 Bb7 15. Be3 Nd5 16. Nd2 Nxe3 17. fxe3 Bg3+ 18. Ke2 c5 19. d5 Qe5 20. Nb3 Rad8 21. c3 Bxd5 22. Bxd5 Qh5+ 23. Kd2 Rxd5+ 24. Nd4 Qxd1+ 25. Raxd1 cxd4 26. exd4 Bf4+ 27. Ke2 Ra5 28. Rdf1 Bg3 29. a3 Rb8 30. Rb1 f5 31. Ke3 g5 32. Rhf1 Bf4+ 33. Ke2 Rb3 34. c4 Ra4 35. d5 Rxc4 36. d6 Rc2+ 37. Kd1 Rd2+ 38. Ke1 Rxd6 39. h4 Bg3+ 40. Ke2 f4 41. Rfc1 Rdb6 42. hxg5 Rxb2+ 43. Rxb2 Rxb2+ 44. Kd1 hxg5 45. Rc5 Rxg2 46. Rxg5+ Kf7 47. Re5 e3 0-1

[Event "Padova del Santo op-B 7th"]
[Site "Padova"]
[Date "2020.02.22"]
[Round "3.2"]
[White "Zanirato, Stefano"]
[Black "Carola, Paolo"]
[Result "1-0"]
[WhiteElo "1873"]
[BlackElo "1763"]
[PlyCount "83"]
[EventDate "2020.02.21"]
[EventType "swiss"]
[EventRounds "3"]
[EventCountry "ITA"]
[SourceTitle "EXT 2024"]
[Source "ChessBase"]
[SourceDate "2023.10.10"]
[SourceVersion "1"]
[SourceVersionDate "2023.10.10"]
[SourceQuality "1"]

1. e4 e5 2. Nf3 Nc6 3. d4 exd4 4. Bc4 Nf6 5. 0-0 Nxe4 6. Re1 d5 7. Bxd5 Qxd5 8. Nc3 Qf5 9. Nxe4 Be6 10. Nh4 Qa5 11. Bd2 Bb4 12. c3 dxc3 13. bxc3 Be7 14. c4 Qa6 15. Ng5 0-0-0 16. Nxe6 fxe6 17. Nf3 Qxc4 18. Rc1 Qxa2 19. Ra1 Qd5 20. Qe2 Rhf8 21. Be3 a6 22. Reb1 Ne5 23. Nd4 Bc5 24. Nb3 Bxe3 25. Qxe3 Nc6 26. Nc5 Nd4 27. Re1 Rf6 28. Kh1 Rg6 29. f3 Qg5 30. Qf2 Rd5 31. Ne4 Qf4 32. Re2 Rh6 33. g3 Qe5 34. Ree1 Nf5 35. Rac1 c6 36. Qb6 Nd4 37. Rb1 Rb5 38. Rxb5 axb5 39. Ra1 Qc7 40. Ra8+ Kd7 41. Qxd4+ Ke7 42. Qxg7# 1-0

[Event "Padova del Santo op-B 7th"]
[Site "Padova"]
[Date "2020.02.21"]
[Round "1.11"]
[White "Carola, Paolo"]
[Black "Negro, Raffaele"]
[Result "1-0"]
[WhiteElo "1763"]
[BlackElo "1694"]
[PlyCount "65"]
[EventDate "2020.02.21"]
[EventType "swiss"]
[EventRounds "3"]
[EventCountry "ITA"]
[SourceTitle "EXT 2024"]
[Source "ChessBase"]
[SourceDate "2023.10.10"]
[SourceVersion "1"]
[SourceVersionDate "2023.10.10"]
[SourceQuality "1"]

1. d4 e6 2. c4 Bb4+ 3. Nd2 Nf6 4. a3 Bxd2+ 5. Bxd2 Nc6 6. e3 d5 7. Nf3 b6 8. Rc1 Bb7 9. cxd5 exd5 10. Bb5 0-0 11. Bxc6 Bxc6 12. Rxc6 Ne4 13. 0-0 Re8 14. Qc2 Nxd2 15. Qxd2 Re6 16. Rfc1 Rxc6 17. Rxc6 Qe7 18. Qc2 Rc8 19. Qf5 Rd8 20. Qe5 Qxe5 21. Nxe5 f6 22. Nd3 Rd7 23. Nf4 Kf7 24. Ne6 Rd6 25. Rxd6 cxd6 26. Nc7 Ke7 27. Nxd5+ Kd7 28. Kf1 Kc6 29. Nc3 b5 30. b4 d5 31. Ke2 a6 32. Kd3 f5 33. f3 1-0

[Event "Grosseto op 2nd"]
[Site "Grosseto"]
[Date "2013.05.10"]
[Round "3"]
[White "Lazic, Miroljub"]
[Black "Carola, Paolo"]
[Result "1-0"]
[WhiteElo "2476"]
[BlackElo "1889"]
[PlyCount "47"]
[EventDate "2013.05.09"]
[EventType "swiss"]
[EventRounds "6"]
[EventCountry "ITA"]
[SourceTitle "CBM 154 Extra"]
[Source "ChessBase"]
[SourceDate "2013.06.25"]
[SourceVersion "2"]
[SourceVersionDate "2013.06.25"]
[SourceQuality "1"]

1. g3 e5 2. c4 Nf6 3. Bg2 Nc6 4. Nc3 Be7 5. e3 d6 6. Nge2 Bg4 7. b3 Qd7 8. h3 Bh5 9. d3 0-0 10. g4 Bg6 11. f4 exf4 12. Nxf4 d5 13. cxd5 Bb4 14. Bd2 Ne5 15. e4 Qd6 16. Nce2 c6 17. Bxb4 Qxb4+ 18. Qd2 Qxd2+ 19. Kxd2 cxd5 20. exd5 Rfd8 21. Rac1 Rac8 22. Ng3 Kf8 23. Rhe1 Nfd7 24. d4 1-0

[Event "Amantea op-A 8th"]
[Site "Amantea"]
[Date "2010.09.05"]
[Round "9"]
[White "Carola, Paolo"]
[Black "Colucci, Pasquale"]
[Result "0-1"]
[WhiteElo "1917"]
[BlackElo "2016"]
[PlyCount "140"]
[EventDate "2010.08.29"]
[EventType "swiss"]
[EventRounds "9"]
[EventCountry "ITA"]
[SourceTitle "CBM 138 Extra"]
[Source "ChessBase"]
[SourceDate "2010.10.29"]
[SourceVersion "1"]
[SourceVersionDate "2010.10.29"]
[SourceQuality "1"]

1. e4 c5 2. Nf3 d6 3. Bb5+ Bd7 4. Bxd7+ Qxd7 5. 0-0 Nc6 6. d4 cxd4 7. Nxd4 Nf6 8. Nc3 g6 9. f3 Bg7 10. Be3 0-0 11. Nb3 Rfc8 12. Qe2 Ne5 13. Rad1 Nc4 14. Bc1 b5 15. Rfe1 Qb7 16. Nd5 e6 17. Ne3 Qb6 18. Kh1 Nd7 19. Nxc4 Rxc4 20. c3 Rac8 21. Be3 Qc7 22. Bd4 Bxd4 23. Rxd4 Nb6 24. Red1 d5 25. exd5 Nxd5 26. g3 Rxd4 27. Nxd4 Qc4 28. Qe5 Re8 29. a3 a6 30. Re1 Qc7 31. f4 Qxe5 32. Rxe5 Kf8 33. Kg2 Ke7 34. Kf3 Kd6 35. g4 f6 36. Re2 Re7 37. g5 fxg5 38. fxg5 e5 39. Nc2 Rf7+ 40. Kg3 Rf5 41. h4 Rf4 42. Ne3 Re4 43. Kf3 Rxh4 44. Nxd5 Kxd5 45. Rd2+ Ke6 46. Rd8 Kf5 47. Ra8 Ra4 48. Rh8 Kxg5 49. Rxh7 Rf4+ 50. Ke3 Kg4 51. Ra7 Ra4 52. Rg7 Kf5 53. Rf7+ Ke6 54. Rg7 Kf6 55. Ra7 g5 56. Ra8 g4 57. Rf8+ Ke6 58. Re8+ Kd5 59. Kd3 Rf4 60. Rd8+ Kc6 61. Rc8+ Kd7 62. Ra8 Ra4 63. Rg8 Ke6 64. Re8+ Kf5 65. Rf8+ Kg5 66. Ke3 g3 67. Rg8+ Kh4 68. Rh8+ Kg4 69. Rg8+ Kh3 70. Rh8+ Rh4 0-1

[Event "Rome d'Inverno op"]
[Site "Rome"]
[Date "2009.02.08"]
[Round "5"]
[White "Carola, Paolo"]
[Black "Spano Cuomo, Gaetano"]
[Result "1-0"]
[WhiteElo "1891"]
[BlackElo "1840"]
[PlyCount "49"]
[EventDate "2009.02.06"]
[EventType "swiss"]
[EventRounds "5"]
[EventCountry "ITA"]
[SourceTitle "EXT 2011"]
[Source "ChessBase"]
[SourceDate "2010.11.26"]
[SourceVersion "1"]
[SourceVersionDate "2010.11.26"]
[SourceQuality "1"]

1. e4 e6 2. d4 d5 3. Nd2 Nf6 4. e5 Nfd7 5. Ngf3 Be7 6. Bd3 c5 7. c3 b6 8. Qe2 Nc6 9. a3 0-0 10. Ne4 g6 11. Ng3 f6 12. exf6 Nxf6 13. h4 Bd6 14. Ne5 Qc7 15. Nxc6 Qxc6 16. Bh6 Rf7 17. 0-0 Bb7 18. h5 Ne4 19. hxg6 hxg6 20. Qg4 Bf8 21. Qxg6+ Bg7 22. Nh5 Qd7 23. f3 Nd2 24. Bxg7 Rxg7 25. Nf6+ 1-0

[Event "Rome d'Inverno op"]
[Site "Rome"]
[Date "2009.02.06"]
[Round "1"]
[White "Carola, Paolo"]
[Black "Bernardinetti, Luca"]
[Result "1-0"]
[WhiteElo "1891"]
[BlackElo "1554"]
[PlyCount "45"]
[EventDate "2009.02.06"]
[EventType "swiss"]
[EventRounds "5"]
[EventCountry "ITA"]
[SourceTitle "EXT 2011"]
[Source "ChessBase"]
[SourceDate "2010.11.26"]
[SourceVersion "1"]
[SourceVersionDate "2010.11.26"]
[SourceQuality "1"]

1. e4 e5 2. Nf3 Nc6 3. d4 exd4 4. Nxd4 Bc5 5. Be3 Qf6 6. c3 a5 7. Bc4 Nge7 8. 0-0 0-0 9. f4 d6 10. Qd3 Rd8 11. Nb5 Bxe3+ 12. Qxe3 Rd7 13. Nd2 b6 14. Rae1 Ba6 15. e5 dxe5 16. fxe5 Qxe5 17. Qxe5 Nxe5 18. Rxe5 Bxb5 19. Bxb5 Rxd2 20. Rxe7 Rxb2 21. Bc4 Rd2 22. Rfxf7 Rd1+ 23. Rf1+ 1-0

[Event "Arco op 30th"]
[Site "Arco"]
[Date "2008.10.18"]
[Round "1"]
[White "Carola, Paolo"]
[Black "Karl, Hans"]
[Result "0-1"]
[WhiteElo "1899"]
[BlackElo "2240"]
[PlyCount "66"]
[EventDate "2008.10.18"]
[EventType "swiss"]
[EventRounds "9"]
[EventCountry "ITA"]
[SourceTitle "CBM 127 Extra"]
[Source "ChessBase"]
[SourceDate "2009.01.08"]
[SourceVersion "2"]
[SourceVersionDate "2009.01.28"]
[SourceQuality "1"]

1. e4 e5 2. Nf3 Nc6 3. d4 exd4 4. Nxd4 Nf6 5. Nc3 Bb4 6. Nxc6 bxc6 7. Bd3 d5 8. exd5 cxd5 9. 0-0 0-0 10. Bg5 c6 11. Qf3 Be7 12. Ne2 Bg4 13. Qf4 Qd7 14. Ng3 Bd6 15. Qd2 Nh5 16. Rae1 Rae8 17. Nxh5 Bxh5 18. Bf4 Bc5 19. Qc3 Bb6 20. a4 Bg6 21. b4 Rxe1 22. Rxe1 Re8 23. Bxg6 hxg6 24. a5 Bd4 25. Qd2 Rxe1+ 26. Qxe1 Qf5 27. Qd2 Qe4 28. h3 a6 29. Be3 Be5 30. f3 Qc4 31. c3 Bxc3 32. Qc2 Bxb4 33. Qa4 Bc5 0-1

[Event "Rome Autunno Accademia op"]
[Site "Rome"]
[Date "2007.10.13"]
[Round "4"]
[White "Carola, Paolo"]
[Black "Condemi de Felice, Alfonso"]
[Result "1/2-1/2"]
[WhiteElo "1973"]
[BlackElo "2030"]
[PlyCount "96"]
[EventDate "2007.10.12"]
[EventType "swiss"]
[EventRounds "5"]
[EventCountry "ITA"]
[SourceTitle "EXT 2010"]
[Source "ChessBase"]
[SourceDate "2010.11.25"]
[SourceVersion "1"]
[SourceVersionDate "2010.11.25"]
[SourceQuality "1"]

1. e4 g6 2. d4 Bg7 3. Nf3 d6 4. Bc4 c6 5. 0-0 b5 6. Bb3 Nf6 7. Re1 0-0 8. Bg5 h6 9. Bh4 Bg4 10. h3 Bxf3 11. Qxf3 g5 12. Bg3 Ne8 13. a4 b4 14. c3 a5 15. Nd2 Nd7 16. e5 d5 17. e6 Ndf6 18. exf7+ Rxf7 19. Qd3 Nd6 20. f3 Qd7 21. c4 Qf5 22. Qe2 Nh5 23. Be5 Nf4 24. Qe3 dxc4 25. Nxc4 Nxc4 26. Bxc4 Nd5 27. Bxd5 cxd5 28. Bxg7 Kxg7 29. Rac1 Rc8 30. Rxc8 Qxc8 31. Qe5+ Kg6 32. Qxd5 Qc2 33. Re6+ Rf6 34. Rxf6+ Kxf6 35. Qe5+ Kf7 36. Qd5+ Kf8 37. b3 Qc7 38. Qf5+ Ke8 39. Qg6+ Kd8 40. Qg8+ Kd7 41. Qd5+ Ke8 42. Kf2 Qc3 43. Kg3 Qe1+ 44. Kg4 e6 45. Qc6+ Ke7 46. Qc7+ Kf6 47. Qd8+ Kf7 48. Qd7+ Kf6 1/2-1/2

[Event "Rome Autunno Accademia op"]
[Site "Rome"]
[Date "2007.10.13"]
[Round "2"]
[White "Carola, Paolo"]
[Black "Gardon, Ermanno"]
[Result "0-1"]
[WhiteElo "1973"]
[BlackElo "2144"]
[PlyCount "96"]
[EventDate "2007.10.12"]
[EventType "swiss"]
[EventRounds "5"]
[EventCountry "ITA"]
[SourceTitle "EXT 2010"]
[Source "ChessBase"]
[SourceDate "2010.11.25"]
[SourceVersion "1"]
[SourceVersionDate "2010.11.25"]
[SourceQuality "1"]

1. e4 e6 2. d4 c5 3. c3 d5 4. exd5 exd5 5. Nf3 Nf6 6. Bg5 Be6 7. Bb5+ Bd7 8. Bxd7+ Nbxd7 9. 0-0 Be7 10. Re1 0-0 11. Ne5 Re8 12. Nxd7 Qxd7 13. dxc5 Bxc5 14. Rxe8+ Rxe8 15. Bxf6 Qe6 16. Nd2 Qxf6 17. Nf3 Qe6 18. Kf1 Qa6+ 19. Kg1 Qe2 20. Qxe2 Rxe2 21. Rd1 Bxf2+ 22. Kf1 Rxb2 23. Rxd5 Bb6 24. a4 Ra2 25. Rd7 Rf2+ 26. Ke1 Rxg2 27. Rxb7 h6 28. Ne5 Rxh2 29. Nd7 Bf2+ 30. Kf1 f5 31. c4 Bd4 32. c5 Rc2 33. Rc7 f4 34. c6 f3 35. Rc8+ Kf7 36. Rf8+ Ke7 37. Rxf3 Rxc6 38. Rd3 Rc4 39. Nb8 Kd6 40. a5 Kc7 41. Rb3 Ra4 42. Rb5 Ra2 43. Na6+ Kc6 44. Rb4 Kd5 45. Rb3 Ke4 46. Nb4 Rf2+ 47. Ke1 Rh2 48. Kd1 g5 0-1

[Event "Rome Autunno Accademia op"]
[Site "Rome"]
[Date "2007.10.12"]
[Round "1"]
[White "Tosoni, Augusto"]
[Black "Carola, Paolo"]
[Result "1/2-1/2"]
[WhiteElo "2255"]
[BlackElo "1973"]
[PlyCount "127"]
[EventDate "2007.10.12"]
[EventType "swiss"]
[EventRounds "5"]
[EventCountry "ITA"]
[SourceTitle "EXT 2010"]
[Source "ChessBase"]
[SourceDate "2010.11.25"]
[SourceVersion "1"]
[SourceVersionDate "2010.11.25"]
[SourceQuality "1"]

1. e4 e5 2. Nf3 Nf6 3. d4 Nxe4 4. dxe5 d5 5. exd6 Bxd6 6. Bd3 Bf5 7. 0-0 0-0 8. Be3 Bg6 9. Qe2 Nc6 10. Nbd2 Nxd2 11. Qxd2 Bb4 12. Qe2 Bxd3 13. cxd3 Qd5 14. a3 Ba5 15. Rac1 Bb6 16. Bxb6 axb6 17. Rfe1 h6 18. h3 Rfd8 19. d4 Ra4 20. Qe3 Rc4 21. Rxc4 Qxc4 22. Qf4 Nxd4 23. Nxd4 Rxd4 24. Qf3 Rf4 25. Qxb7 Qc2 26. f3 Rd4 27. Kh2 Rd2 28. f4 Qxb2 29. Qc8+ Kh7 30. Qf5+ g6 31. Qxf7+ Qg7 32. Re7 Qxf7 33. Rxf7+ Kg8 34. Rxc7 b5 35. Rc3 Kf7 36. Kg3 Ra2 37. Rb3 Kf6 38. Kf3 h5 39. g4 hxg4+ 40. hxg4 Ke6 41. Ke4 Re2+ 42. Kf3 Ra2 43. g5 Kd6 44. Ke4 Re2+ 45. Re3 Rg2 46. Rd3+ Ke6 47. Rb3 Re2+ 48. Re3 Rb2 49. f5+ gxf5+ 50. Kf4+ Kf7 51. Kxf5 Rf2+ 52. Kg4 Ra2 53. Rf3+ Kg6 54. Rf6+ Kg7 55. Ra6 Rg2+ 56. Kf4 Rf2+ 57. Ke4 Re2+ 58. Kf4 Rf2+ 59. Kg3 Ra2 60. Ra5 Kg6 61. Kf4 Rf2+ 62. Ke4 Rb2 63. Kd4 Kxg5 64. a4 1/2-1/2

[Event "Porto Mannu op"]
[Site "Porto Mannu"]
[Date "2007.05.19"]
[Round "1"]
[White "Ori, Marco"]
[Black "Carola, Paolo"]
[Result "1-0"]
[WhiteElo "2129"]
[BlackElo "1960"]
[PlyCount "63"]
[EventDate "2007.05.19"]
[EventType "swiss"]
[EventRounds "9"]
[EventCountry "ITA"]
[SourceTitle "CBM 118 Extra"]
[Source "ChessBase"]
[SourceDate "2007.07.04"]
[SourceVersion "1"]
[SourceVersionDate "2007.07.04"]
[SourceQuality "1"]

1. e4 e5 2. Nc3 Nf6 3. f4 d5 4. fxe5 Nxe4 5. d3 Qh4+ 6. g3 Nxg3 7. Nf3 Qh5 8. Nxd5 Nxh1 9. Nxc7+ Kd8 10. Nxa8 Bh3 11. Bxh3 Qxh3 12. Bg5+ Kc8 13. Qe2 h6 14. Be3 Nc6 15. 0-0-0 Kb8 16. Nb6 axb6 17. Bxb6 Qe6 18. c4 Nb4 19. Ba5 Nxa2+ 20. Kb1 Bb4 21. Kxa2 Bxa5 22. Rxh1 f6 23. d4 Rc8 24. Rc1 Qa6 25. Kb1 Ka7 26. e6 Bb4 27. d5 Bd6 28. Nd4 Be5 29. Nb5+ Kb8 30. Qg4 Qa4 31. e7 Re8 32. Qd7 1-0

[Event "Rome Accademia op"]
[Site "Rome"]
[Date "2007.02.04"]
[Round "5"]
[White "Casale, Anania"]
[Black "Carola, Paolo"]
[Result "0-1"]
[WhiteElo "1724"]
[BlackElo "1962"]
[PlyCount "85"]
[EventDate "2007.02.02"]
[EventType "swiss"]
[EventRounds "5"]
[EventCountry "ITA"]
[SourceTitle "EXT 2008"]
[Source "ChessBase"]
[SourceDate "2007.11.25"]
[SourceVersion "1"]
[SourceVersionDate "2007.11.25"]
[SourceQuality "1"]

1. d4 d5 2. c4 c6 3. Nc3 dxc4 4. e3 b5 5. a4 b4 6. Na2 e6 7. Bxc4 Nf6 8. Nf3 Be7 9. 0-0 0-0 10. Bd2 a5 11. Qc2 Bb7 12. Nc1 c5 13. dxc5 Na6 14. Bxa6 Rxa6 15. Nb3 Qd5 16. Rfd1 Qh5 17. Nfd4 Rc8 18. f3 Bxc5 19. Nxc5 Rxc5 20. Qd3 Ra8 21. Qe2 Ba6 22. Nb5 Qe5 23. Bxb4 axb4 24. Rd6 Qxd6 25. Rd1 Qb6 26. Nc7 Qxc7 27. Qxa6 Rc1 28. Qd3 Rxd1+ 29. Qxd1 Nd5 30. Qd2 h6 31. e4 Qc5+ 32. Kf1 Ne3+ 33. Ke1 Nxg2+ 34. Kf1 Ne3+ 35. Ke1 Qd4 36. Kf2 Nc2+ 37. Kf1 Qc4+ 38. Kg2 Nd4 39. a5 e5 40. f4 b3 41. Kg3 Qc2 42. Qb4 exf4+ 43. Kxf4 0-1

[Event "Rome Accademia op"]
[Site "Rome"]
[Date "2007.02.03"]
[Round "2"]
[White "Carola, Paolo"]
[Black "Maddaloni, Giovanni"]
[Result "1/2-1/2"]
[WhiteElo "1962"]
[BlackElo "1819"]
[PlyCount "27"]
[EventDate "2007.02.02"]
[EventType "swiss"]
[EventRounds "5"]
[EventCountry "ITA"]
[SourceTitle "EXT 2008"]
[Source "ChessBase"]
[SourceDate "2007.11.25"]
[SourceVersion "1"]
[SourceVersionDate "2007.11.25"]
[SourceQuality "1"]

1. e4 Nc6 2. Nf3 d6 3. d4 g6 4. d5 Nb8 5. Be3 e5 6. Bb5+ Bd7 7. Qd3 Bg7 8. Nc3 a6 9. Bxd7+ Nxd7 10. a4 b5 11. 0-0 Ngf6 12. b3 0-0 13. Bc1 Ne8 14. Re1 1/2-1/2

[Event "Prati di Tivo Gran Sasso op"]
[Site "Prati di Tivo"]
[Date "2006.09.07"]
[Round "6"]
[White "Carola, Paolo"]
[Black "Gorelli Fagiolini, Marco F"]
[Result "0-1"]
[WhiteElo "1989"]
[BlackElo "2205"]
[PlyCount "40"]
[EventDate "2006.09.03"]
[EventType "swiss"]
[EventRounds "6"]
[EventCountry "ITA"]
[SourceTitle "EXT 2024"]
[Source "ChessBase"]
[SourceDate "2023.10.10"]
[SourceVersion "1"]
[SourceVersionDate "2023.10.10"]
[SourceQuality "1"]

1. e4 e6 2. d4 d5 3. Nc3 Nf6 4. Bg5 Bb4 5. e5 h6 6. Bd2 Bxc3 7. bxc3 Ne4 8. Bd3 Nxd2 9. Qxd2 c5 10. Ne2 c4 11. Bxc4 dxc4 12. 0-0 Nc6 13. Rab1 b6 14. f4 Ne7 15. Ng3 Bb7 16. Rbe1 g6 17. Rf3 Nf5 18. Ne4 Bxe4 19. Rxe4 Qd5 20. Qe2 h5 0-1

[Event "Cesenatico op 9th"]
[Site "Cesenatico"]
[Date "2004.09.07"]
[Round "4"]
[White "Carola, Paolo"]
[Black "Setti, Denis"]
[Result "1-0"]
[WhiteElo "2053"]
[BlackElo "1754"]
[PlyCount "75"]
[EventDate "2004.09.04"]
[EventType "swiss"]
[EventRounds "9"]
[EventCountry "ITA"]
[SourceTitle "EXT 2007"]
[Source "ChessBase"]
[SourceDate "2006.11.23"]
[SourceVersion "1"]
[SourceVersionDate "2006.11.23"]
[SourceQuality "1"]

1. e4 e5 2. Nf3 Nc6 3. d4 exd4 4. Nxd4 Nf6 5. Nc3 Bb4 6. Nxc6 bxc6 7. Bd3 d5 8. exd5 cxd5 9. 0-0 0-0 10. Bg5 c6 11. Qf3 Qd6 12. h3 Bd7 13. Ne2 d4 14. c3 dxc3 15. bxc3 Bc5 16. Rad1 Qe7 17. Ng3 h6 18. Rfe1 Qxe1+ 19. Rxe1 hxg5 20. Re5 g4 21. hxg4 Bxg4 22. Qxc6 Rac8 23. Qa4 Rfd8 24. Bf5 Bd1 25. Qb5 Bd6 26. Bxc8 Bxe5 27. Qxe5 Rxc8 28. Nf5 Re8 29. Qg3 Bg4 30. Ne3 Be6 31. a4 a6 32. a5 Rc8 33. Qd6 Rxc3 34. Qxa6 Nd5 35. Nxd5 Bxd5 36. Qb6 Kh7 37. Kh2 g6 38. Qd4 1-0